| 000 | 00445nam a2200157Ia 4500 | ||
|---|---|---|---|
| 005 | 20250222104809.0 | ||
| 008 | 231217s9999 xx 000 0 und d | ||
| 020 | _a9788175961036 | ||
| 082 | _a576 HER;12 | ||
| 100 | _aHeritage, J. Evans, E G V. Killington, R A. | ||
| 245 | 0 | _aIntroductory microbiology | |
| 260 |
_c1996 _bCambridge University Press _aNew Delhi |
||
| 300 | _axiv, 234 | ||
| 650 | _aIntroductory,microbiology | ||
| 942 | _cAA | ||
| 999 |
_c189133 _d189133 |
||